000 00236nam a22001097a 4500
082 _a808.3 MIT'O
100 _aMITACHELL, HEDGES F. A
_979967
245 _aDANGER MY ALLY
260 _aLONDON
_bPAN
_c1956
300 _a249P
942 _cBK
999 _c584945
_d584945